<?xml version="1.0" encoding="UTF-8"?>
<record
    xmlns:xsi="http://www.w3.org/2001/XMLSchema-instance"
    xsi:schemaLocation="http://www.loc.gov/MARC21/slim http://www.loc.gov/standards/marcxml/schema/MARC21slim.xsd"
    xmlns="http://www.loc.gov/MARC21/slim">

  <leader>02315    a2200253   4500</leader>
  <controlfield tag="003">UA-OsUOA</controlfield>
  <controlfield tag="005">20260511135835.0</controlfield>
  <controlfield tag="008">260511b        un ||||| |||| 00| fdukr d</controlfield>
  <datafield tag="020" ind1=" " ind2=" ">
    <subfield code="a">9960203853</subfield>
  </datafield>
  <datafield tag="040" ind1=" " ind2=" ">
    <subfield code="a">UA-OsUOA</subfield>
    <subfield code="b">ukr</subfield>
    <subfield code="c">UA-OsUOA</subfield>
    <subfield code="d">UA-OsUOA</subfield>
  </datafield>
  <datafield tag="041" ind1=" " ind2=" ">
    <subfield code="a">ukr</subfield>
  </datafield>
  <datafield tag="080" ind1=" " ind2=" ">
    <subfield code="a">82-94:929</subfield>
  </datafield>
  <datafield tag="090" ind1=" " ind2=" ">
    <subfield code="a">82-94:929</subfield>
    <subfield code="b">&#x41C;32</subfield>
  </datafield>
  <datafield tag="100" ind1=" " ind2=" ">
    <subfield code="a">&#x41C;&#x430;&#x441;&#x44E;&#x442;&#x43A;&#x43E; &#x41C;.</subfield>
    <subfield code="9">25210</subfield>
  </datafield>
  <datafield tag="245" ind1=" " ind2=" ">
    <subfield code="a">&#x412; &#x43F;&#x43E;&#x43B;&#x43E;&#x43D;&#x456; &#x437;&#x43B;&#x430;</subfield>
    <subfield code="b">&#x43C;&#x435;&#x43C;&#x443;&#x430;&#x440;&#x43D;&#x430; &#x43F;&#x43E;&#x435;&#x43C;&#x430;</subfield>
  </datafield>
  <datafield tag="260" ind1=" " ind2=" ">
    <subfield code="a">&#x41B;&#x44C;&#x432;&#x456;&#x432;</subfield>
    <subfield code="b">&#x41C;&#x456;&#x441;&#x456;&#x43E;&#x43D;&#x435;&#x440;</subfield>
    <subfield code="c">1999</subfield>
  </datafield>
  <datafield tag="300" ind1=" " ind2=" ">
    <subfield code="a">606 &#x441;.</subfield>
  </datafield>
  <datafield tag="520" ind1=" " ind2=" ">
    <subfield code="a">&#xAB;&#x412; &#x43F;&#x43E;&#x43B;&#x43E;&#x43D;&#x456; &#x437;&#x43B;&#x430;&#xBB; &#x2014; &#x446;&#x435; &#x441;&#x43F;&#x43E;&#x432;&#x456;&#x434;&#x430;&#x43B;&#x44C;&#x43D;&#x43E;-&#x434;&#x43E;&#x43A;&#x443;&#x43C;&#x435;&#x43D;&#x442;&#x430;&#x43B;&#x44C;&#x43D;&#x430; &#x43F;&#x43E;&#x435;&#x43C;&#x430;, &#x43D;&#x430;&#x43F;&#x438;&#x441;&#x430;&#x43D;&#x430; &#x432;&#x438;&#x434;&#x430;&#x442;&#x43D;&#x438;&#x43C; &#x434;&#x438;&#x441;&#x438;&#x434;&#x435;&#x43D;&#x442;&#x43E;&#x43C; &#x456; &#x43F;&#x440;&#x430;&#x432;&#x43E;&#x437;&#x430;&#x445;&#x438;&#x441;&#x43D;&#x438;&#x43A;&#x43E;&#x43C; &#x41C;&#x438;&#x445;&#x430;&#x439;&#x43B;&#x43E;&#x43C; &#x41C;&#x430;&#x441;&#x44E;&#x442;&#x43A;&#x43E;&#x43C;. 
&#x422;&#x432;&#x456;&#x440; &#x454; &#x445;&#x443;&#x434;&#x43E;&#x436;&#x43D;&#x44C;&#x43E;-&#x444;&#x456;&#x43B;&#x43E;&#x441;&#x43E;&#x444;&#x441;&#x44C;&#x43A;&#x438;&#x43C; &#x43E;&#x441;&#x43C;&#x438;&#x441;&#x43B;&#x435;&#x43D;&#x43D;&#x44F;&#x43C; &#x442;&#x440;&#x430;&#x433;&#x456;&#x447;&#x43D;&#x43E;&#x433;&#x43E; &#x434;&#x43E;&#x441;&#x432;&#x456;&#x434;&#x443; &#x43F;&#x435;&#x440;&#x435;&#x431;&#x443;&#x432;&#x430;&#x43D;&#x43D;&#x44F; &#x430;&#x432;&#x442;&#x43E;&#x440;&#x430; &#x432; &#x440;&#x430;&#x434;&#x44F;&#x43D;&#x441;&#x44C;&#x43A;&#x438;&#x445; &#x43A;&#x43E;&#x43D;&#x446;&#x442;&#x430;&#x431;&#x43E;&#x440;&#x430;&#x445; &#x41C;&#x43E;&#x440;&#x434;&#x43E;&#x432;&#x456;&#x457; &#x443; 1960-&#x445; &#x440;&#x43E;&#x43A;&#x430;&#x445;.
&#x427;&#x435;&#x440;&#x435;&#x437; &#x43F;&#x440;&#x438;&#x437;&#x43C;&#x443; &#x432;&#x43B;&#x430;&#x441;&#x43D;&#x43E;&#x457; &#x434;&#x43E;&#x43B;&#x456; &#x430;&#x432;&#x442;&#x43E;&#x440; &#x437;&#x43C;&#x430;&#x43B;&#x44C;&#x43E;&#x432;&#x443;&#x454;, &#x436;&#x43E;&#x440;&#x441;&#x442;&#x43E;&#x43A;&#x456;&#x441;&#x442;&#x44C; &#x441;&#x438;&#x441;&#x442;&#x435;&#x43C;&#x438;, &#x440;&#x435;&#x430;&#x43B;&#x456;&#x457; &#x442;&#x430;&#x431;&#x456;&#x440;&#x43D;&#x43E;&#x433;&#x43E; &#x43F;&#x43E;&#x431;&#x443;&#x442;&#x443; &#x442;&#x430; &#x43C;&#x435;&#x442;&#x43E;&#x434;&#x438; &#x43F;&#x440;&#x438;&#x434;&#x443;&#x448;&#x435;&#x43D;&#x43D;&#x44F; &#x43B;&#x44E;&#x434;&#x441;&#x44C;&#x43A;&#x43E;&#x457; &#x433;&#x456;&#x434;&#x43D;&#x43E;&#x441;&#x442;&#x456;. &#x406;&#x43D;&#x442;&#x435;&#x43B;&#x435;&#x43A;&#x442;&#x443;&#x430;&#x43B;&#x44C;&#x43D;&#x438;&#x439; &#x442;&#x430; &#x43C;&#x43E;&#x440;&#x430;&#x43B;&#x44C;&#x43D;&#x438;&#x439; &#x43E;&#x43F;&#x456;&#x440; &#x443;&#x43A;&#x440;&#x430;&#x457;&#x43D;&#x441;&#x44C;&#x43A;&#x43E;&#x457; &#x456;&#x43D;&#x442;&#x435;&#x43B;&#x456;&#x433;&#x435;&#x43D;&#x446;&#x456;&#x457; &#x442;&#x43E;&#x442;&#x430;&#x43B;&#x456;&#x442;&#x430;&#x440;&#x43D;&#x43E;&#x43C;&#x443; &#x440;&#x435;&#x436;&#x438;&#x43C;&#x443;. &#x41F;&#x43E;&#x448;&#x443;&#x43A; &#x441;&#x435;&#x43D;&#x441;&#x443; &#x431;&#x43E;&#x440;&#x43E;&#x442;&#x44C;&#x431;&#x438;, &#x43F;&#x440;&#x438;&#x440;&#x43E;&#x434;&#x430; &#x434;&#x43E;&#x431;&#x440;&#x430; &#x456; &#x437;&#x43B;&#x430;, &#x430; &#x442;&#x430;&#x43A;&#x43E;&#x436; &#x432;&#x456;&#x440;&#x430; &#x443; &#x432;&#x456;&#x434;&#x440;&#x43E;&#x434;&#x436;&#x435;&#x43D;&#x43D;&#x44F; &#x443;&#x43A;&#x440;&#x430;&#x457;&#x43D;&#x441;&#x44C;&#x43A;&#x43E;&#x457; &#x43D;&#x430;&#x446;&#x456;&#x457;. &#x41F;&#x43E;&#x435;&#x43C;&#x430; &#x43D;&#x430;&#x43F;&#x438;&#x441;&#x430;&#x43D;&#x430; &#x443; &#x43A;&#x43B;&#x430;&#x441;&#x438;&#x447;&#x43D;&#x456;&#x439; &#x432;&#x456;&#x440;&#x448;&#x43E;&#x432;&#x430;&#x43D;&#x456;&#x439; &#x444;&#x43E;&#x440;&#x43C;&#x456;, &#x449;&#x43E; &#x43F;&#x43E;&#x454;&#x434;&#x43D;&#x443;&#x454; &#x433;&#x43E;&#x441;&#x442;&#x440;&#x443; &#x43F;&#x443;&#x431;&#x43B;&#x456;&#x446;&#x438;&#x441;&#x442;&#x438;&#x447;&#x43D;&#x456;&#x441;&#x442;&#x44C; &#x456;&#x437; &#x433;&#x43B;&#x438;&#x431;&#x43E;&#x43A;&#x438;&#x43C; &#x43B;&#x456;&#x440;&#x438;&#x437;&#x43C;&#x43E;&#x43C;, &#x456; &#x454; &#x446;&#x456;&#x43D;&#x43D;&#x438;&#x43C; &#x456;&#x441;&#x442;&#x43E;&#x440;&#x438;&#x447;&#x43D;&#x438;&#x43C; &#x441;&#x432;&#x456;&#x434;&#x447;&#x435;&#x43D;&#x43D;&#x44F;&#x43C; &#x435;&#x43F;&#x43E;&#x445;&#x438; &#xAB;&#x448;&#x456;&#x441;&#x442;&#x434;&#x435;&#x441;&#x44F;&#x442;&#x43D;&#x438;&#x446;&#x442;&#x432;&#x430;&#xBB;.</subfield>
  </datafield>
  <datafield tag="650" ind1=" " ind2=" ">
    <subfield code="a">82-94 &#x406;&#x441;&#x442;&#x43E;&#x440;&#x456;&#x44F; &#x44F;&#x43A; &#x43B;&#x456;&#x442;&#x435;&#x440;&#x430;&#x442;&#x443;&#x440;&#x43D;&#x438;&#x439; &#x436;&#x430;&#x43D;&#x440;. &#x406;&#x441;&#x442;&#x43E;&#x440;&#x438;&#x447;&#x43D;&#x456; &#x442;&#x432;&#x43E;&#x440;&#x438;. &#x406;&#x441;&#x442;&#x43E;&#x440;&#x456;&#x43E;&#x433;&#x440;&#x430;&#x444;&#x456;&#x44F;. &#x425;&#x440;&#x43E;&#x43D;&#x456;&#x43A;&#x438;. &#x410;&#x43D;&#x43D;&#x430;&#x43B;&#x438;, &#x43B;&#x456;&#x442;&#x43E;&#x43F;&#x438;&#x441;&#x438;. &#x41C;&#x435;&#x43C;&#x443;&#x430;&#x440;&#x438;. &#x421;&#x43F;&#x43E;&#x433;&#x430;&#x434;&#x438;. &#x429;&#x43E;&#x434;&#x435;&#x43D;&#x43D;&#x438;&#x43A;&#x438;. &#x411;&#x456;&#x43E;&#x433;&#x440;&#x430;&#x444;&#x456;&#x457;. &#x410;&#x432;&#x442;&#x43E;&#x431;&#x456;&#x43E;&#x433;&#x440;&#x430;&#x444;&#x456;&#x457;</subfield>
    <subfield code="9">2061</subfield>
  </datafield>
  <datafield tag="700" ind1="1" ind2=" ">
    <subfield code="a">&#x427;&#x435;&#x440;&#x43A;&#x430;&#x441;-&#x41C;&#x430;&#x441;&#x44E;&#x442;&#x43A;&#x43E; &#x412;.</subfield>
    <subfield code="e">&#x445;&#x443;&#x434;.</subfield>
    <subfield code="9">25211</subfield>
  </datafield>
  <datafield tag="942" ind1=" " ind2=" ">
    <subfield code="c">BK</subfield>
    <subfield code="2">udc</subfield>
  </datafield>
  <datafield tag="955" ind1=" " ind2=" ">
    <subfield code="a">3</subfield>
  </datafield>
  <datafield tag="999" ind1=" " ind2=" ">
    <subfield code="c">580691</subfield>
    <subfield code="d">580691</subfield>
  </datafield>
  <datafield tag="952" ind1=" " ind2=" ">
    <subfield code="0">0</subfield>
    <subfield code="1">0</subfield>
    <subfield code="2">udc</subfield>
    <subfield code="4">0</subfield>
    <subfield code="7">0</subfield>
    <subfield code="8">C_Shevchuk_V.</subfield>
    <subfield code="a">101</subfield>
    <subfield code="b">101</subfield>
    <subfield code="d">2026-05-11</subfield>
    <subfield code="e">&#x410;&#x43A;&#x442; &#x2116;24/28.04.2026</subfield>
    <subfield code="g">25.00</subfield>
    <subfield code="i">169927</subfield>
    <subfield code="l">0</subfield>
    <subfield code="o">82-94:929 &#x41C;32</subfield>
    <subfield code="p">169927</subfield>
    <subfield code="r">2026-05-11 11:57:12</subfield>
    <subfield code="v">25.00</subfield>
    <subfield code="w">2026-05-11</subfield>
    <subfield code="y">BK</subfield>
  </datafield>
</record>
